000 00830nam a22002297a 4500
003 OSt
005 20260512142555.0
008 260512b |||||||| |||| 00| 0 eng d
020 _a9780340999110
040 _aKenya National Library Service
082 _a823.92 COW
100 _aCowell, Cressida,
_eauthor.
245 _aHow to twist a dragon's tale /
_cCressida Cowell.
300 _a261 pages :
_billustrations ;
_c20 cm.
490 _aHow to train your dragon ;
_vbook 5.
520 _aWhen the Fire-Stone is stolen, Hiccup Horrendous Haddock III must return it before Volcano Island erupts and exterminator dragons destroy the tribes.
650 _aAdventure stories.
650 _aDragons
_vJuvenile fiction
942 _2ddc
_cBK
_n0
999 _c492718
_d492718